Statistics for 2022-23 NCAA FBS Bowl Games

Click here to take the quiz!

General Stats

  • This quiz has been taken 27 times
  • The average score is 25 of 42

Answer Stats

HintAnswer% Correct
Tennessee beats ClemsonOrange Bowl
95%
Tulane beats USCCotton Bowl Classic Bowl
90%
Penn State beats UtahRose Bowl
90%
Georgia beats Ohio StatePeach Bowl
86%
Alabama beats Kansas StateSugar Bowl
86%
Washington beats TexasAlamo Bowl
81%
TCU beats MichiganFiesta Bowl
81%
Arkansas beats KansasLiberty Bowl
76%
LSU beats PurdueCitrus Bowl
71%
Maryland beats NC StateDuke's Mayo Bowl
67%
Oregon beats North CarolinaHoliday Bowl
67%
Minnesota beats SyracusePinstripe Bowl
67%
Texas Tech beats Ole MissTexas Bowl
67%
Florida State beats OklahomaCheez-It Bowl
62%
Louisville beats CincinnatiFenway Bowl
62%
Iowa beats KentuckyMusic City Bowl
62%
Pittsburgh beats UCLASun Bowl
62%
Air Force beats BaylorArmed Forces Bowl
57%
Troy beats UTSACure Bowl
57%
Eastern Michigan beats San Jose StateFamous Idaho Potato Bowl
57%
Notre Dame beats South CarolinaGator Bowl
57%
Fresno State beats Washington StateLA Bowl
57%
Oregon State beats FloridaLas Vegas Bowl
57%
Ohio beats WyomingArizona Bowl
52%
UAB beats Miami OhioBahamas Bowl
52%
Georgia beats TCUCFP Championship
52%
Wake Forest beats MissouriGasparilla Bowl
52%
Middle Tennessee beats San Diego StateHawaii Bowl
52%
Duke beats UCFMilitary Bowl
52%
Marshall beats UCONNMyrtle Beach Bowl
52%
East Carolina beats Coastal CarolinaBirmingham Bowl
48%
Toledo beats LibertyBoca Raton Bowl
48%
Boise State beats North TexasFrisco Bowl
48%
Houston beats LouisianaIndependence Bowl
48%
BYU beats SMUNew Mexico Bowl
48%
Western Kentucky beats South AlabamaNew Orleans Bowl
48%
Mississippi State beats IllinoisReliaQuest Bowl
48%
Wisconsin beats Oklahoma StateGuaranteed Rate Bowl
43%
Buffalo beats Georgia SouthernCamellia Bowl
38%
New Mexico State beats Bowling GreenQuick Lane Bowl
38%
Southern Miss beats RiceLendingTree Bowl
33%
Memphis beats Utah StateFirst Responders Bowl
29%

Score Distribution

Percentile by Number Answered

Percent of People with Each Score

Your Score History

You have not taken this quiz